[Event "Villarobledo Online Qualifyer"]
[Site "playchess.com #155672"]
[Date "2009.05.23"]
[Round "2"]
[White "DeusMachine"]
[Black "Schnickschnack"]
[Result "0-1"]
[WhiteElo "1795"]
[BlackElo "2100"]
[PlyCount "80"]
[EventDate "2009.05.23"]
[EventType "swiss (blitz)"]

1. Nf3 {[%emt 0:00:02]} Nf6 {[%emt 0:00:02]} 2. d4 {[%emt 0:00:01]} g6 {[%emt
0:00:02]} 3. c4 {[%emt 0:00:01]} Bg7 {[%emt 0:00:01]} 4. Nc3 {[%emt 0:00:00]}
O-O {[%emt 0:00:01]} 5. e4 {[%emt 0:00:01]} d6 {[%emt 0:00:01]} 6. Be2 {[%emt
0:00:02]} e5 {[%emt 0:00:01]} 7. d5 {[%emt 0:00:01]} Nbd7 {[%emt 0:00:02]} 8.
O-O {[%emt 0:00:00]} Nc5 {[%emt 0:00:07]} 9. Qc2 {[%emt 0:00:17]} a5 {[%emt 0:
00:03]} 10. Bg5 {[%emt 0:00:07]} h6 {[%emt 0:00:02]} 11. Bxf6 {[%emt 0:00:02]}
Bxf6 {[%emt 0:00:03]} 12. a3 {[%emt 0:00:09]} a4 {[%emt 0:00:08]} 13. Nd2 {
[%emt 0:00:08]} Bg7 {[%emt 0:00:05]} 14. b4 {[%emt 0:00:05]} axb3 {[%emt 0:00:
02]} 15. Nxb3 {[%emt 0:00:01]} Nxb3 {[%emt 0:00:11]} 16. Qxb3 {[%emt 0:00:02]}
f5 {[%emt 0:00:05]} 17. f3 {[%emt 0:00:02]} b6 {[%emt 0:00:08]} 18. Nb5 {[%emt
0:00:42]} Bd7 {[%emt 0:00:11]} 19. Nc3 {[%emt 0:00:05]} f4 {[%emt 0:00:07]} 20.
a4 {[%emt 0:00:04]} g5 {[%emt 0:00:02]} 21. Nb5 {[%emt 0:00:09]} h5 {[%emt 0:
00:06]} 22. Qb4 {[%emt 0:00:15]} Ra5 {[%emt 0:00:09]} 23. Qe1 {[%emt 0:00:13]}
g4 {[%emt 0:00:04]} 24. fxg4 {[%emt 0:00:11]} hxg4 {[%emt 0:00:02]} 25. Kh1 {
[%emt 0:00:14]} Bf6 {[%emt 0:00:20]} 26. Qd1 {[%emt 0:00:08]} Qc8 {[%emt 0:00:
17]} 27. Ra3 {[%emt 0:00:15]} Rf7 {[%emt 0:00:08]} 28. Rg1 {[%emt 0:00:16]} Rh7
{[%emt 0:00:07]} 29. g3 {[%emt 0:00:16]} f3 {[%emt 0:00:10]} 30. Bxf3 {[%emt 0:
00:04]} gxf3 {[%emt 0:00:03]} 31. Rxf3 {[%emt 0:00:00]} Bg4 {[%emt 0:00:12]}
32. Rgf1 {[%emt 0:00:04]} Bg7 {[%emt 0:00:15] '} 33. Rf8+ {[%emt 0:00:04]} Bxf8
{[%emt 0:00:05]} 34. Qd2 {[%emt 0:00:02]} Bg7 {[%emt 0:00:08]} 35. Qg5 {[%emt
0:00:02]} Bh3 {[%emt 0:00:06]} 36. Nxc7 {[%emt 0:00:02]} Bxf1 {[%emt 0:00:08]}
37. Ne6 {[%emt 0:00:02]} Qd7 {[%emt 0:00:05]} 38. Qf5 {[%emt 0:00:02]} Qf7 {
[%emt 0:00:05]} 39. Qg4 {[%emt 0:00:04]} Bh3 {[%emt 0:00:05]} 40. Qg5 {[%emt 0:
00:02]} Qf1# {[%emt 0:00:02]} 0-1

[Event "Villarobledo Online Qualifyer"]
[Site "playchess.com #155672"]
[Date "2009.05.23"]
[Round "2"]
[White "Murri"]
[Black "Holzmichl junior"]
[Result "1-0"]
[WhiteElo "1709"]
[BlackElo "1216"]
[PlyCount "115"]
[EventDate "2009.05.23"]
[EventType "swiss (blitz)"]

1. d4 {[%emt 0:00:02]} e6 {[%emt 0:00:00]} 2. c4 {[%emt 0:00:03]} Nf6 {[%emt 0:
00:02]} 3. Nc3 {[%emt 0:00:03]} d5 {[%emt 0:00:02]} 4. e3 {[%emt 0:00:02]} dxc4
{[%emt 0:00:01]} 5. Bxc4 {[%emt 0:00:02]} Be7 {[%emt 0:00:01]} 6. Nf3 {[%emt 0:
00:02]} O-O {[%emt 0:00:01]} 7. O-O {[%emt 0:00:02]} Bd7 {[%emt 0:00:01]} 8. b3
{[%emt 0:00:02]} Nc6 {[%emt 0:00:01]} 9. Bb2 {[%emt 0:00:02]} Na5 {[%emt 0:00:
01]} 10. Bd3 {[%emt 0:00:04]} b5 {[%emt 0:00:01]} 11. Bxb5 {[%emt 0:00:09]}
Bxb5 {[%emt 0:00:02]} 12. Nxb5 {[%emt 0:00:01]} Rb8 {[%emt 0:00:02]} 13. Nc3 {
[%emt 0:00:03]} Qd7 {[%emt 0:00:04]} 14. Ne5 {[%emt 0:00:03]} Qd6 {[%emt 0:00:
04]} 15. Qc1 {[%emt 0:00:10]} Qa6 {[%emt 0:00:03]} 16. Na4 {[%emt 0:00:12]}
Rfd8 {[%emt 0:00:33]} 17. Qc2 {[%emt 0:00:04]} Bd6 {[%emt 0:00:07]} 18. Nf3 {
[%emt 0:00:10]} Re8 {[%emt 0:00:20]} 19. Rac1 {[%emt 0:00:07]} Rbc8 {[%emt 0:
00:05]} 20. Rfd1 {[%emt 0:00:14]} h6 {[%emt 0:00:11] Holzmichl junior bietet
Remis} 21. Nc5 {[%emt 0:00:19]} Bxc5 {[%emt 0:00:03]} 22. Qxc5 {[%emt 0:00:02]}
Nb7 {[%emt 0:00:05]} 23. Qc6 {[%emt 0:00:04]} Qxc6 {[%emt 0:00:05]} 24. Rxc6 {
[%emt 0:00:02]} Na5 {[%emt 0:00:04]} 25. Rc5 {[%emt 0:00:04]} Nb7 {[%emt 0:00:
03]} 26. Rc2 {[%emt 0:00:03]} Nd6 {[%emt 0:00:02]} 27. Rdc1 {[%emt 0:00:03]}
Re7 {[%emt 0:00:03]} 28. Ba3 {[%emt 0:00:04]} Rd7 {[%emt 0:00:12]} 29. Bxd6 {
[%emt 0:00:07]} Rxd6 {[%emt 0:00:01]} 30. Rxc7 {[%emt 0:00:02]} Rxc7 {[%emt 0:
00:03]} 31. Rxc7 {[%emt 0:00:06]} Ra6 {[%emt 0:00:02]} 32. a4 {[%emt 0:00:05]}
Rb6 {[%emt 0:00:06]} 33. Rxa7 {[%emt 0:00:02]} Rxb3 {[%emt 0:00:01]} 34. h3 {
[%emt 0:00:05]} Ne4 {[%emt 0:00:04]} 35. Ra8+ {[%emt 0:00:23]} Kh7 {[%emt 0:00:
04]} 36. a5 {[%emt 0:00:28]} Rb1+ {[%emt 0:00:02]} 37. Kh2 {[%emt 0:00:01]} Ra1
{[%emt 0:00:01]} 38. a6 {[%emt 0:00:02]} Nd6 {[%emt 0:00:04]} 39. a7 {[%emt 0:
00:02]} Nb5 {[%emt 0:00:02]} 40. Ne5 {[%emt 0:00:05]} f6 {[%emt 0:00:03]} 41.
Nc6 {[%emt 0:00:03]} Ra2 {[%emt 0:00:05]} 42. Re8 {[%emt 0:00:08]} Rxf2 {[%emt
0:00:02]} 43. a8=Q {[%emt 0:00:04]} Nc7 {[%emt 0:00:03]} 44. Rh8+ {[%emt 0:00:
03]} Kg6 {[%emt 0:00:02]} 45. Qa5 {[%emt 0:00:11]} Nd5 {[%emt 0:00:02]} 46. Qb5
{[%emt 0:00:08]} Nc3 {[%emt 0:00:04]} 47. Qd3+ {[%emt 0:00:02]} Kh5 {[%emt 0:
00:10]} 48. Qxc3 {[%emt 0:00:02]} Kg5 {[%emt 0:00:01]} 49. Qd3 {[%emt 0:00:02]}
f5 {[%emt 0:00:03]} 50. Ne7 {[%emt 0:00:02]} Kh4 {[%emt 0:00:01]} 51. Nxf5+ {
[%emt 0:00:02]} exf5 {[%emt 0:00:01]} 52. Rg8 {[%emt 0:00:01]} g6 {[%emt 0:00:
01]} 53. Rxg6 {[%emt 0:00:01]} h5 {[%emt 0:00:01]} 54. Qb5 {[%emt 0:00:04]} Rf3
{[%emt 0:00:01]} 55. Qe8 {[%emt 0:00:02]} Rg3 {[%emt 0:00:05]} 56. Qh8 {[%emt
0:00:02]} Rxg2+ {[%emt 0:00:02]} 57. Rxg2 {[%emt 0:00:02]} f4 {[%emt 0:00:01]}
58. Rg4# {[%emt 0:00:02]} 1-0

[Event "Villarobledo Online Qualifyer"]
[Site "playchess.com #155672"]
[Date "2009.05.23"]
[Round "2"]
[White "Victorh"]
[Black "Kingsize"]
[Result "1/2-1/2"]
[WhiteElo "1926"]
[BlackElo "1477"]
[PlyCount "96"]
[EventDate "2009.05.23"]
[EventType "swiss (blitz)"]

1. e4 {[%emt 0:00:01]} e5 {[%emt 0:00:01]} 2. Nf3 {[%emt 0:00:01]} Nc6 {[%emt
0:00:02]} 3. Bc4 {[%emt 0:00:01]} Bc5 {[%emt 0:00:03]} 4. O-O {[%emt 0:00:01]}
Nf6 {[%emt 0:00:02]} 5. Re1 {[%emt 0:00:01]} d6 {[%emt 0:00:03]} 6. h3 {[%emt
0:00:02]} O-O {[%emt 0:00:02]} 7. d3 {[%emt 0:00:01]} h6 {[%emt 0:00:01]} 8. a3
{[%emt 0:00:01]} Be6 {[%emt 0:00:04]} 9. b4 {[%emt 0:00:05]} Bb6 {[%emt 0:00:
09]} 10. Bb2 {[%emt 0:00:02]} a5 {[%emt 0:00:08]} 11. b5 {[%emt 0:00:02]} Nd4 {
[%emt 0:00:13]} 12. Nxd4 {[%emt 0:00:01]} Bxd4 {[%emt 0:00:08]} 13. Bxd4 {
[%emt 0:00:15]} exd4 {[%emt 0:00:07]} 14. Nd2 {[%emt 0:00:02]} c5 {[%emt 0:00:
04]} 15. f4 {[%emt 0:00:18]} d5 {[%emt 0:00:29]} 16. exd5 {[%emt 0:00:14]} Bxd5
{[%emt 0:00:08]} 17. Bxd5 {[%emt 0:00:01]} Nxd5 {[%emt 0:00:02]} 18. Qf3 {
[%emt 0:00:04]} Ne3 {[%emt 0:00:14]} 19. Rac1 {[%emt 0:00:23]} Qd7 {[%emt 0:00:
09]} 20. a4 {[%emt 0:00:02]} b6 {[%emt 0:00:02]} 21. Nc4 {[%emt 0:00:01]} Nxc4
{[%emt 0:00:05]} 22. dxc4 {[%emt 0:00:01]} Rfe8 {[%emt 0:00:03]} 23. g4 {[%emt
0:00:10]} Re6 {[%emt 0:00:05]} 24. f5 {[%emt 0:00:03]} Rxe1+ {[%emt 0:00:08]}
25. Rxe1 {[%emt 0:00:01]} Re8 {[%emt 0:00:01]} 26. Re4 {[%emt 0:00:05]} Rxe4 {
[%emt 0:00:19]} 27. Qxe4 {[%emt 0:00:01]} Kf8 {[%emt 0:00:02]} 28. Kg2 {[%emt
0:00:01]} Qe7 {[%emt 0:00:12]} 29. Kf3 {[%emt 0:00:01]} Qh4 {[%emt 0:00:16]}
30. Qa8+ {[%emt 0:00:18]} Ke7 {[%emt 0:00:02]} 31. Qb7+ {[%emt 0:00:01]} Kf8 {
[%emt 0:00:01]} 32. Qc8+ {[%emt 0:00:01]} Ke7 {[%emt 0:00:04]} 33. Qc7+ {[%emt
0:00:01]} Kf8 {[%emt 0:00:02]} 34. Kg2 {[%emt 0:00:28]} h5 {[%emt 0:00:16]} 35.
Qxb6 {[%emt 0:00:06]} hxg4 {[%emt 0:00:05]} 36. Qxc5+ {[%emt 0:00:01]} Kg8 {
[%emt 0:00:05]} 37. hxg4 {[%emt 0:00:21] .} Qxg4+ {[%emt 0:00:02]} 38. Kf1 {
[%emt 0:00:03]} Qf3+ {[%emt 0:00:02]} 39. Ke1 {[%emt 0:00:02]} Qe3+ {[%emt 0:
00:02]} 40. Kd1 {[%emt 0:00:00]} Qf3+ {[%emt 0:00:07]} 41. Kc1 {[%emt 0:00:01]}
Qe3+ {[%emt 0:00:04]} 42. Kb1 {[%emt 0:00:01]} Qe1+ {[%emt 0:00:03]} 43. Ka2 {
[%emt 0:00:07]} Qc3 {[%emt 0:00:02]} 44. Kb1 {[%emt 0:00:08]} Qe1+ {[%emt 0:00:
02]} 45. Kb2 {[%emt 0:00:01]} Qc3+ {[%emt 0:00:02]} 46. Kc1 {[%emt 0:00:00]}
Qe1+ {[%emt 0:00:01]} 47. Kb2 {[%emt 0:00:00]} Qc3+ {[%emt 0:00:01]} 48. Kb1 {
[%emt 0:00:00]} Qe1+ {[%emt 0:00:01]} 1/2-1/2

[Event "Villarobledo Online Qualifyer"]
[Site "playchess.com #155672"]
[Date "2009.05.23"]
[Round "2"]
[White "Krondor"]
[Black "Hakem_II"]
[Result "0-1"]
[WhiteElo "1595"]
[BlackElo "1946"]
[PlyCount "74"]
[EventDate "2009.05.23"]
[EventType "swiss (blitz)"]

1. d4 {[%emt 0:00:02]} d5 {[%emt 0:00:04]} 2. c4 {[%emt 0:00:02]} c6 {[%emt 0:
00:02]} 3. e3 {[%emt 0:00:01]} Nf6 {[%emt 0:00:03]} 4. Nc3 {[%emt 0:00:02]} e6
{[%emt 0:00:01]} 5. a3 {[%emt 0:00:04]} Nbd7 {[%emt 0:00:01]} 6. b4 {[%emt 0:
00:05]} Be7 {[%emt 0:00:03]} 7. Nf3 {[%emt 0:00:05]} O-O {[%emt 0:00:01]} 8. c5
{[%emt 0:00:02]} b6 {[%emt 0:00:01]} 9. Bd3 {[%emt 0:00:06]} a5 {[%emt 0:00:01]
} 10. Bb2 {[%emt 0:00:02]} Ba6 {[%emt 0:00:13]} 11. Bxa6 {[%emt 0:00:30]} Rxa6
{[%emt 0:00:02]} 12. O-O {[%emt 0:00:05]} Qc7 {[%emt 0:00:02]} 13. Qc2 {[%emt
0:00:12]} Rfa8 {[%emt 0:00:04]} 14. g3 {[%emt 0:00:23]} b5 {[%emt 0:00:08]} 15.
Rfd1 {[%emt 0:00:15]} h6 {[%emt 0:00:46]} 16. Nd2 {[%emt 0:00:07]} axb4 {[%emt
0:00:10]} 17. axb4 {[%emt 0:00:04]} Rxa1 {[%emt 0:00:07]} 18. Rxa1 {[%emt 0:00:
06]} Rxa1+ {[%emt 0:00:01]} 19. Bxa1 {[%emt 0:00:01]} e5 {[%emt 0:00:01]} 20.
Qa2 {[%emt 0:00:11]} exd4 {[%emt 0:00:05]} 21. exd4 {[%emt 0:00:02]} Nf8 {
[%emt 0:00:09]} 22. Ne2 {[%emt 0:00:17]} Qd7 {[%emt 0:00:03]} 23. Nf4 {[%emt 0:
00:13]} g5 {[%emt 0:00:08]} 24. Nd3 {[%emt 0:00:07]} Qf5 {[%emt 0:00:24]} 25.
Ne5 {[%emt 0:00:16]} Ng4 {[%emt 0:00:30]} 26. Nxg4 {[%emt 0:00:05]} Qxg4 {
[%emt 0:00:01]} 27. Kg2 {[%emt 0:00:03]} Qe2 {[%emt 0:00:02]} 28. Qa7 {[%emt 0:
00:10]} Bf6 {[%emt 0:00:03]} 29. Nf3 {[%emt 0:00:05]} Ne6 {[%emt 0:00:04]} 30.
Qa8+ {[%emt 0:00:06]} Kg7 {[%emt 0:00:02]} 31. Qxc6 {[%emt 0:00:01]} g4 {[%emt
0:00:13] '} 32. Ne5 {[%emt 0:00:05]} Qe4+ {[%emt 0:00:15]} 33. Kg1 {[%emt 0:00:
02]} Qb1+ {[%emt 0:00:07]} 34. Kg2 {[%emt 0:00:01]} Qxa1 {[%emt 0:00:03]} 35.
Qxd5 {[%emt 0:00:01]} Qxd4 {[%emt 0:00:02]} 36. Qxd4 {[%emt 0:00:01]} Nxd4 {
[%emt 0:00:01]} 37. c6 {[%emt 0:00:01]} Bxe5 {[%emt 0:00:03] Krondor resigns}
0-1

[Event "Villarobledo Online Qualifyer"]
[Site "playchess.com #155672"]
[Date "2009.05.23"]
[Round "2"]
[White "Freuds"]
[Black "Mtudorache"]
[Result "1-0"]
[WhiteElo "1466"]
[BlackElo "1771"]
[PlyCount "93"]
[EventDate "2009.05.23"]
[EventType "swiss (blitz)"]

1. e4 {[%emt 0:00:01]} c5 {[%emt 0:00:03]} 2. Nf3 {[%emt 0:00:01]} Nc6 {[%emt
0:00:01]} 3. d4 {[%emt 0:00:03]} cxd4 {[%emt 0:00:00]} 4. Nxd4 {[%emt 0:00:01]}
Nf6 {[%emt 0:00:00]} 5. Nxc6 {[%emt 0:00:01]} bxc6 {[%emt 0:00:02]} 6. Bd3 {
[%emt 0:00:01]} e5 {[%emt 0:00:02]} 7. Nc3 {[%emt 0:00:01]} Bb4 {[%emt 0:00:00]
} 8. O-O {[%emt 0:00:02]} Bxc3 {[%emt 0:00:05]} 9. bxc3 {[%emt 0:00:01]} d5 {
[%emt 0:00:00]} 10. exd5 {[%emt 0:00:02]} cxd5 {[%emt 0:00:05]} 11. c4 {[%emt
0:00:01]} d4 {[%emt 0:00:04]} 12. Ba3 {[%emt 0:00:04]} Qa5 {[%emt 0:00:09]} 13.
Bd6 {[%emt 0:00:18]} Bb7 {[%emt 0:00:24]} 14. Rb1 {[%emt 0:00:09]} Qa6 {[%emt
0:00:04]} 15. c5 {[%emt 0:00:17]} Qc6 {[%emt 0:00:06]} 16. Bb5 {[%emt 0:00:02]}
a6 {[%emt 0:00:20]} 17. Bxc6+ {[%emt 0:00:07]} Bxc6 {[%emt 0:00:00]} 18. Rb6 {
[%emt 0:00:01]} Bd5 {[%emt 0:00:07]} 19. Qb1 {[%emt 0:00:02]} Nd7 {[%emt 0:00:
01]} 20. Rb2 {[%emt 0:00:08]} f6 {[%emt 0:00:04]} 21. Qd1 {[%emt 0:00:03]} Kf7
{[%emt 0:00:03]} 22. Qh5+ {[%emt 0:00:02]} g6 {[%emt 0:00:03]} 23. Qh6 {[%emt
0:00:07]} Ra7 {[%emt 0:00:23]} 24. Re1 {[%emt 0:00:13]} a5 {[%emt 0:00:39]} 25.
f4 {[%emt 0:00:12]} e4 {[%emt 0:00:29]} 26. f5 {[%emt 0:00:03]} g5 {[%emt 0:00:
04]} 27. Qh5+ {[%emt 0:00:01]} Kg7 {[%emt 0:00:02]} 28. h4 {[%emt 0:00:04]}
gxh4 {[%emt 0:00:12]} 29. Qxh4 {[%emt 0:00:11]} e3 {[%emt 0:00:02]} 30. Qxd4 {
[%emt 0:00:06]} Bc6 {[%emt 0:00:01]} 31. Rxe3 {[%emt 0:00:05]} Rg8 {[%emt 0:00:
01]} 32. Re7+ {[%emt 0:00:01]} Kh8 {[%emt 0:00:01]} 33. c4 {[%emt 0:00:07]} Rg5
{[%emt 0:00:21]} 34. Qh4 {[%emt 0:00:10] .} h5 {[%emt 0:00:05]} 35. Qd4 {[%emt
0:00:27]} Ra8 {[%emt 0:00:01]} 36. Rxd7 {[%emt 0:00:02]} Bxd7 {[%emt 0:00:04]}
37. Qxf6+ {[%emt 0:00:01]} Rg7 {[%emt 0:00:00]} 38. Rb8+ {[%emt 0:00:04]} Rxb8
{[%emt 0:00:01]} 39. Bxb8 {[%emt 0:00:01]} Kh7 {[%emt 0:00:00]} 40. Be5 {[%emt
0:00:02]} Rg8 {[%emt 0:00:03]} 41. Qh4 {[%emt 0:00:02]} Be8 {[%emt 0:00:02]}
42. f6 {[%emt 0:00:02]} Rg4 {[%emt 0:00:01]} 43. Qf2 {[%emt 0:00:02]} Bc6 {
[%emt 0:00:01]} 44. Qf5+ {[%emt 0:00:02]} Kh6 {[%emt 0:00:01]} 45. Bf4+ {[%emt
0:00:01]} Rg5 {[%emt 0:00:02]} 46. Qxg5+ {[%emt 0:00:01]} Kh7 {[%emt 0:00:03]}
47. Qg7# {[%emt 0:00:01]} 1-0

[Event "Villarobledo Online Qualifyer"]
[Site "playchess.com #155672"]
[Date "2009.05.23"]
[Round "2"]
[White "Secondwind"]
[Black "Spirliadis"]
[Result "1-0"]
[WhiteElo "2329"]
[BlackElo "1919"]
[PlyCount "121"]
[EventDate "2009.05.23"]
[EventType "swiss (blitz)"]

1. c4 {[%emt 0:00:02]} e5 {[%emt 0:00:03]} 2. Nc3 {[%emt 0:00:02]} Nf6 {[%emt
0:00:02]} 3. g3 {[%emt 0:00:01]} d5 {[%emt 0:00:04]} 4. cxd5 {[%emt 0:00:01]}
Nxd5 {[%emt 0:00:02]} 5. Bg2 {[%emt 0:00:00]} c6 {[%emt 0:00:03]} 6. Nf3 {
[%emt 0:00:02]} Bd6 {[%emt 0:00:04]} 7. O-O {[%emt 0:00:03]} O-O {[%emt 0:00:
01]} 8. d4 {[%emt 0:00:01]} Nxc3 {[%emt 0:00:15]} 9. bxc3 {[%emt 0:00:00]} e4 {
[%emt 0:00:18]} 10. Ng5 {[%emt 0:00:08]} f5 {[%emt 0:00:07]} 11. Qb3+ {[%emt 0:
00:02]} Kh8 {[%emt 0:00:03]} 12. Nf7+ {[%emt 0:00:02]} Rxf7 {[%emt 0:00:03]}
13. Qxf7 {[%emt 0:00:00]} Nd7 {[%emt 0:00:14]} 14. f3 {[%emt 0:00:49]} Nf6 {
[%emt 0:00:06]} 15. Bg5 {[%emt 0:00:03]} exf3 {[%emt 0:00:01]} 16. Bxf3 {[%emt
0:00:05]} Be7 {[%emt 0:00:08]} 17. Rad1 {[%emt 0:00:20]} h6 {[%emt 0:00:18]}
18. Bf4 {[%emt 0:00:08]} Bd7 {[%emt 0:00:24]} 19. Be5 {[%emt 0:00:03]} Be8 {
[%emt 0:00:06]} 20. Qb3 {[%emt 0:00:01]} b6 {[%emt 0:00:16]} 21. Bg2 {[%emt 0:
00:05]} Ng4 {[%emt 0:00:05]} 22. Bf4 {[%emt 0:00:05]} Qd7 {[%emt 0:00:23]} 23.
h3 {[%emt 0:00:06]} Nf6 {[%emt 0:00:02]} 24. c4 {[%emt 0:00:07]} Bf7 {[%emt 0:
00:03]} 25. Qd3 {[%emt 0:00:03]} Rd8 {[%emt 0:00:09]} 26. Be5 {[%emt 0:00:09]}
Bg6 {[%emt 0:00:02]} 27. Qf3 {[%emt 0:00:03]} b5 {[%emt 0:00:06]} 28. Qxc6 {
[%emt 0:00:04]} Qxc6 {[%emt 0:00:05]} 29. Bxc6 {[%emt 0:00:00]} bxc4 {[%emt 0:
00:01]} 30. Rc1 {[%emt 0:00:05]} Nh5 {[%emt 0:00:13]} 31. Rxc4 {[%emt 0:00:06]}
f4 {[%emt 0:00:01]} 32. Bxf4 {[%emt 0:00:07]} Bf6 {[%emt 0:00:04]} 33. e3 {
[%emt 0:00:03]} Bd3 {[%emt 0:00:01]} 34. Rfc1 {[%emt 0:00:02]} Bxc4 {[%emt 0:
00:01]} 35. Rxc4 {[%emt 0:00:00]} Rc8 {[%emt 0:00:01]} 36. d5 {[%emt 0:00:06]}
Nxf4 {[%emt 0:00:02]} 37. gxf4 {[%emt 0:00:02]} Kg8 {[%emt 0:00:02]} 38. Kf2 {
[%emt 0:00:01]} Kf8 {[%emt 0:00:01]} 39. Ra4 {[%emt 0:00:01]} Rc7 {[%emt 0:00:
02]} 40. e4 {[%emt 0:00:02]} Ke7 {[%emt 0:00:01]} 41. e5 {[%emt 0:00:01]} Bxe5
{[%emt 0:00:02]} 42. fxe5 {[%emt 0:00:01]} Kd8 {[%emt 0:00:03]} 43. Rb4 {[%emt
0:00:02]} Kc8 {[%emt 0:00:01]} 44. Ke3 {[%emt 0:00:02]} Rf7 {[%emt 0:00:01]}
45. Ra4 {[%emt 0:00:03]} Kb8 {[%emt 0:00:01]} 46. Ke4 {[%emt 0:00:01]} Rf2 {
[%emt 0:00:01]} 47. e6 {[%emt 0:00:01]} g5 {[%emt 0:00:02]} 48. Ke5 {[%emt 0:
00:02]} h5 {[%emt 0:00:05]} 49. Kd6 {[%emt 0:00:01]} g4 {[%emt 0:00:03]} 50.
Kd7 {[%emt 0:00:01]} Rb2 {[%emt 0:00:08]} 51. hxg4 {[%emt 0:00:01]} hxg4 {
[%emt 0:00:01]} 52. Rxg4 {[%emt 0:00:02]} a5 {[%emt 0:00:02]} 53. Rg8+ {[%emt
0:00:02]} Ka7 {[%emt 0:00:01]} 54. Ra8+ {[%emt 0:00:01]} Kb6 {[%emt 0:00:01]}
55. Rb8+ {[%emt 0:00:01]} Ka6 {[%emt 0:00:01]} 56. Rxb2 {[%emt 0:00:02]} a4 {
[%emt 0:00:00]} 57. Bxa4 {[%emt 0:00:02]} Ka7 {[%emt 0:00:01]} 58. Bc6 {[%emt
0:00:01]} Ka6 {[%emt 0:00:01]} 59. Kc7 {[%emt 0:00:01]} Ka5 {[%emt 0:00:02]}
60. Rb3 {[%emt 0:00:02]} Ka6 {[%emt 0:00:03]} 61. Ra3# {[%emt 0:00:01]} 1-0

[Event "Villarobledo Online Qualifyer"]
[Site "playchess.com #155672"]
[Date "2009.05.23"]
[Round "2"]
[White "Chesshero045"]
[Black "Qirat"]
[Result "0-1"]
[WhiteElo "1970"]
[BlackElo "2342"]
[PlyCount "96"]
[EventDate "2009.05.23"]
[EventType "swiss (blitz)"]

1. e4 {[%emt 0:00:02]} c5 {[%emt 0:00:01]} 2. c3 {[%emt 0:00:02]} Nf6 {[%emt 0:
00:03]} 3. e5 {[%emt 0:00:00]} Nd5 {[%emt 0:00:00]} 4. d4 {[%emt 0:00:00]} cxd4
{[%emt 0:00:00]} 5. cxd4 {[%emt 0:00:01]} Nc6 {[%emt 0:00:01]} 6. Nf3 {[%emt 0:
00:02]} e6 {[%emt 0:00:00]} 7. Nc3 {[%emt 0:00:07]} Nxc3 {[%emt 0:00:01]} 8.
bxc3 {[%emt 0:00:01]} d6 {[%emt 0:00:00]} 9. Bf4 {[%emt 0:00:05]} Qc7 {[%emt 0:
00:07]} 10. Bd3 {[%emt 0:00:07]} Be7 {[%emt 0:00:07]} 11. O-O {[%emt 0:00:01]}
dxe5 {[%emt 0:00:07]} 12. Nxe5 {[%emt 0:00:02]} Bd6 {[%emt 0:00:10]} 13. Bb5 {
[%emt 0:00:43]} O-O {[%emt 0:00:10]} 14. Bxc6 {[%emt 0:00:02]} bxc6 {[%emt 0:
00:01]} 15. Qf3 {[%emt 0:00:11]} Bb7 {[%emt 0:00:05]} 16. Qg3 {[%emt 0:00:04]}
Rfd8 {[%emt 0:00:27]} 17. Nd3 {[%emt 0:00:43]} Bxf4 {[%emt 0:00:19]} 18. Nxf4 {
[%emt 0:00:02]} c5 {[%emt 0:00:07]} 19. Rfd1 {[%emt 0:00:05]} cxd4 {[%emt 0:00:
23]} 20. cxd4 {[%emt 0:00:00]} Rac8 {[%emt 0:00:01]} 21. Qg4 {[%emt 0:00:12]}
Qe7 {[%emt 0:00:17]} 22. Nh5 {[%emt 0:00:13]} g6 {[%emt 0:00:05]} 23. Rac1 {
[%emt 0:00:11]} Rxc1 {[%emt 0:00:10]} 24. Rxc1 {[%emt 0:00:01]} Rd5 {[%emt 0:
00:01]} 25. Ng3 {[%emt 0:00:06]} Qa3 {[%emt 0:00:06]} 26. Qf4 {[%emt 0:00:04]}
Qd6 {[%emt 0:00:29]} 27. Qxd6 {[%emt 0:00:14]} Rxd6 {[%emt 0:00:00]} 28. Rc7 {
[%emt 0:00:08]} Rb6 {[%emt 0:00:01]} 29. h3 {[%emt 0:00:03]} a6 {[%emt 0:00:01]
} 30. Ne2 {[%emt 0:00:05]} Bd5 {[%emt 0:00:01]} 31. Nc3 {[%emt 0:00:01]} Bb7 {
[%emt 0:00:05]} 32. a4 {[%emt 0:00:03]} Rb3 {[%emt 0:00:04]} 33. Ne2 {[%emt 0:
00:08]} Rb1+ {[%emt 0:00:04]} 34. Kh2 {[%emt 0:00:03]} Bd5 {[%emt 0:00:03]} 35.
Nc3 {[%emt 0:00:01]} Rb4 {[%emt 0:00:01]} 36. Nxd5 {[%emt 0:00:01]} exd5 {
[%emt 0:00:00]} 37. Ra7 {[%emt 0:00:02]} Rxa4 {[%emt 0:00:01]} 38. Ra8+ {[%emt
0:00:01]} Kg7 {[%emt 0:00:01]} 39. Rd8 {[%emt 0:00:01]} Rxd4 {[%emt 0:00:04]}
40. Rd6 {[%emt 0:00:00]} a5 {[%emt 0:00:01]} 41. Ra6 {[%emt 0:00:01]} a4 {
[%emt 0:00:01]} 42. Kg3 {[%emt 0:00:01]} h5 {[%emt 0:00:01]} 43. Kf3 {[%emt 0:
00:01]} g5 {[%emt 0:00:08]} 44. Ra5 {[%emt 0:00:01]} Kf6 {[%emt 0:00:03]} 45.
Ke3 {[%emt 0:00:01]} Ke5 {[%emt 0:00:01]} 46. g3 {[%emt 0:00:04]} Rb4 {[%emt 0:
00:03]} 47. f4+ {[%emt 0:00:06]} gxf4+ {[%emt 0:00:00]} 48. gxf4+ {[%emt 0:00:
01]} Rxf4 {[%emt 0:00:00] Chesshero045 gibt auf} 0-1